[Event "Titled Tuesday intern op 21st Nov Late"]
[Site "Chess.com INT"]
[Date "2023.11.21"]
[Round "3"]
[White "Erdogan, Anil Berk"]
[Black "Pullela, Sricharan"]
[Result "1-0"]
[WhiteElo "2091"]
[BlackElo "2094"]
[PlyCount "143"]
[EventDate "2023.11.21"]
[EventType "swiss (blitz)"]
[EventRounds "11"]
[EventCountry "USA"]
[SourceTitle "EXT 2025"]
[Source "ChessBase"]
[SourceDate "2024.10.14"]
[SourceVersion "1"]
[SourceVersionDate "2024.10.14"]
[SourceQuality "1"]

1. e3 e6 2. e4 d5 3. exd5 exd5 4. d4 Nf6 5. Bg5 Be7 6. Nc3 c6 7. Bd3 h6 8. Bh4 Nbd7 9. Nge2 0-0 10. Qd2 Re8 11. 0-0-0 b5 12. Rde1 a5 13. f3 a4 14. g4 Nb6 15. Ng3 b4 16. Nd1 b3 17. a3 bxc2 18. Nc3 Ba6 19. Nf5 Bxd3 20. Qxd3 Nc4 21. Nxe7+ Rxe7 22. Rxe7 Qxe7 23. Re1 Qb7 24. Qxc2 Nd7 25. g5 hxg5 26. Bxg5 Nf8 27. Re7 Qc8 28. Nxa4 Qh3 29. Re1 Qxf3 30. Nc3 Ne6 31. h4 Nxd4 32. Qd1 Qxd1+ 33. Rxd1 Ne6 34. Kc2 Rb8 35. Bc1 d4 36. Ne4 f5 37. Ng5 Nxg5 38. hxg5 c5 39. b3 Nd6 40. a4 Ne4 41. Bf4 Ra8 42. Ra1 Ra6 43. Kd3 Nc3 44. Kc4 Ne2 45. Bd2 Kf7 46. a5 f4 47. Kb5 Ra8 48. a6 Ke6 49. Kb6 Kd5 50. Kb7 Re8 51. a7 f3 52. Be1 d3 53. a8Q Rxa8 54. Rxa8 c4 55. bxc4+ Kxc4 56. Rf8 Nd4 57. g6 Kb3 58. Rd8 Kc4 59. Bf2 Ne6 60. Rd6 Nf4 61. Rd4+ Kc3 62. Rxf4 d2 63. Rd4 Kc2 64. Be3 d1Q 65. Rxd1 Kxd1 66. Kc6 Ke2 67. Bb6 f2 68. Bxf2 Kxf2 69. Kd6 Kf3 70. Ke6 Kf4 71. Kf7 Kf5 72. Kxg7 1-0

[Event "Titled Tuesday intern op 03rd Oct Late"]
[Site "Chess.com INT"]
[Date "2023.10.03"]
[Round "1"]
[White "Hambleton, Aman"]
[Black "Pullela, Sricharan"]
[Result "1-0"]
[WhiteElo "2420"]
[BlackElo "2094"]
[PlyCount "37"]
[EventDate "2023.10.03"]
[EventType "swiss (blitz)"]
[EventRounds "11"]
[EventCountry "USA"]
[SourceTitle "EXT 2025"]
[Source "ChessBase"]
[SourceDate "2024.10.14"]
[SourceVersion "1"]
[SourceVersionDate "2024.10.14"]
[SourceQuality "1"]

1. d4 Nf6 2. Nc3 d5 3. Bf4 Bf5 4. e3 e6 5. Bd3 Bxd3 6. cxd3 c6 7. Nf3 Be7 8. e4 0-0 9. 0-0 b5 10. Qe2 a5 11. a4 b4 12. Nb1 Nbd7 13. Nbd2 c5 14. e5 Ne8 15. dxc5 Nxc5 16. d4 Nb7 17. Qb5 Ra7 18. Rfc1 Nc7 19. Qb6 1-0

[Event "Sunnyvale Silicon Valley Fall op"]
[Site "Sunnyvale"]
[Date "2023.09.04"]
[Round "8"]
[White "Pullela, Sricharan"]
[Black "Antova, Gabriela"]
[Result "1/2-1/2"]
[WhiteElo "1982"]
[BlackElo "2223"]
[PlyCount "122"]
[EventDate "2023.08.31"]
[EventType "swiss"]
[EventRounds "7"]
[EventCountry "USA"]
[SourceTitle "EXT 2024"]
[Source "ChessBase"]
[SourceDate "2023.10.10"]
[SourceVersion "1"]
[SourceVersionDate "2023.10.10"]
[SourceQuality "1"]

1. d4 Nf6 2. Bg5 e6 3. e4 h6 4. Bxf6 Qxf6 5. Nc3 Bb4 6. Qd2 d5 7. e5 Qd8 8. Nf3 Be7 9. Bd3 c5 10. dxc5 Bxc5 11. 0-0 Nc6 12. a3 a6 13. Qf4 0-0 14. Qg3 Nd4 15. Nxd4 Bxd4 16. Ne2 Bc5 17. b4 Bb6 18. h4 Qc7 19. Kh1 Bd7 20. f4 f5 21. a4 Rac8 22. Rfc1 Qd8 23. b5 axb5 24. axb5 Qe8 25. Rcb1 Qh5 26. Ng1 Rc3 27. Nf3 Qg4 28. Kh2 Be3 29. Ra4 d4 30. Rxd4 Qxg3+ 31. Kxg3 Bxd4 32. Nxd4 Ra8 33. Kf2 Kf8 34. Nb3 Ra4 35. g3 Rb4 36. Nd2 Rxb1 37. Nxb1 Rc8 38. Ke3 Ra8 39. Nd2 Ke7 40. Kd4 b6 41. Nb3 Ra4+ 42. Kc3 g5 43. hxg5 hxg5 44. Nd4 g4 45. Bc4 Ra3+ 46. Nb3 Ra8 47. Kd2 Rh8 48. Nd4 Rh2+ 49. Ne2 Rg2 50. Ke1 Bc8 51. Kf1 Rh2 52. Kg1 Rh3 53. Kg2 Bb7+ 54. Kf2 Rh2+ 55. Kf1 Be4 56. Bb3 Rh6 57. Nd4 Rh1+ 58. Kf2 Rh2+ 59. Ke1 Rh6 60. Kf1 Kd7 61. Kf2 Ke7 1/2-1/2

[Event "Titled Tuesday intern op 01st Aug Late"]
[Site "Chess.com INT"]
[Date "2023.08.01"]
[Round "11"]
[White "Gavrilin, Roman"]
[Black "Pullela, Sricharan"]
[Result "0-1"]
[WhiteElo "2156"]
[BlackElo "2068"]
[PlyCount "162"]
[EventDate "2023.08.01"]
[EventType "swiss (blitz)"]
[EventRounds "11"]
[EventCountry "USA"]
[SourceTitle "EXT 2024"]
[Source "ChessBase"]
[SourceDate "2023.10.10"]
[SourceVersion "1"]
[SourceVersionDate "2023.10.10"]
[SourceQuality "1"]

1. e4 c5 2. Nf3 Nc6 3. Bb5 e6 4. Bxc6 bxc6 5. d3 Qc7 6. 0-0 Ne7 7. b3 Ng6 8. Bb2 f6 9. Re1 Be7 10. e5 0-0 11. exf6 Bxf6 12. Bxf6 Rxf6 13. Nbd2 d6 14. Ne4 Rf8 15. Ng3 e5 16. h3 Bd7 17. Ng5 Nf4 18. Ne2 h6 19. Ne4 Rf7 20. Nxf4 Rxf4 21. f3 Raf8 22. Qe2 Be6 23. a3 a5 24. Qf2 Qd8 25. Qg3 Qe7 26. Nd2 a4 27. bxa4 Rxa4 28. Ne4 Rfa8 29. Reb1 Bd5 30. c4 Bxe4 31. fxe4 Rxa3 32. Rxa3 Rxa3 33. Rb8+ Kh7 34. Qg4 Qf6 35. Qd1 Qf4 36. Rb3 Ra2 37. Qf1 Qxf1+ 38. Kxf1 Rd2 39. g3 Kg6 40. Ke1 Rg2 41. Rb6 Rxg3 42. Ke2 Kf7 43. Rxc6 Ke6 44. Rc7 Rxh3 45. Rxg7 Rh2+ 46. Ke3 Rh3+ 47. Ke2 h5 48. Rh7 Rh2+ 49. Kf3 h4 50. Rh6+ Kd7 51. Kg4 Rd2 52. Rxh4 Rxd3 53. Kf5 Kc6 54. Rh1 Rf3+ 55. Ke6 Rf4 56. Rd1 Rxe4 57. Rxd6+ Kc7 58. Rd5 Rxc4 59. Rxe5 Kc6 60. Re1 Rd4 61. Ke5 Rd8 62. Rc1 Kb5 63. Ke4 c4 64. Rb1+ Ka4 65. Ke3 Ka3 66. Ke2 Ka2 67. Rc1 Kb3 68. Rb1+ Kc2 69. Rb7 Re8+ 70. Kf1 c3 71. Rb6 Kd2 72. Rd6+ Kc1 73. Rb6 c2 74. Kf2 Re5 75. Kf1 Kd2 76. Rd6+ Kc3 77. Rc6+ Kb3 78. Rb6+ Kc4 79. Rc6+ Rc5 80. Rxc5+ Kxc5 81. Kg2 c1Q 0-1